| 000 | 00947nam0a22002411 4500 | ||
|---|---|---|---|
| 001 | v19\rc\1195597 | ||
| 005 | 20260405175118.0 | ||
| 035 | _a(NLR Aleph) 004362504 | ||
| 090 |
_a3392161 _c3392161 |
||
| 100 | _a20060306e18581858|||y0rusy50 ca | ||
| 101 | 0 | _arus | |
| 102 | _aRU | ||
| 105 | _ay z |||a| | ||
| 200 | 1 |
_aДеревня _eКомедия в 1-м д. _e(Из журн. Драматический сборник. Т. 1. 1858 с. 1-40) _fСоч. Октава Фелье |
|
| 210 |
_d1858 _aБ. м. |
||
| 311 | _aИз журн. Драматический сборник. Т. 1. 1858 с. 1-40 | ||
| 488 | 0 |
_12001#$aДраматический сборник$v1858, т. 1 _1215##$aС. 1-40 _tДраматический сборник |
|
| 700 | 1 |
_7ca _8rus _aФейе _bО. _f1821-1890 _gОктав _959175 _3RU\NLR\AUTH\7776247 |
|
| 801 | 0 |
_aRU _bNLR _gpsbo |
|
| 801 | 1 |
_aRU _bProSoft-M _2rusmarc |
|
| 852 |
_aNLR _j18.143.2.62 |
||
| 942 | _cBOOK | ||
| 980 | _aNB | ||